000 00333nam a2200133 i 4500
001 bg
100 1 _aKUBIŃSKA, H.
245 0 _aPojęcie i rozumienie osobowości w naukach społecznych /
_cH. Kubińska.
260 _aToruń,
_c1976.
040 _cBPK
041 _apol
942 _cKS
008 s pl f |000 0 pol
999 _c21384
_d21384
856 _uhttp://koha.tu.koszalin.pl/cgi-bin/koha/opac-detail.pl?biblionumber=21384
_yKatalog online BPK